000 00511nam a2200193Ia 4500
005 20250326144943.0
008 250326s9999 xx 000 0 und d
020 _a81-7013-026-3
037 _aTextbook
040 _aFMSL
_beng
_cFMSL
041 _aeng
_2eng
084 _aX8(A) M7
_qFMSL
100 _aLal Sudarshan
245 0 _aLoans to Industries
_cLal Sudarshan
260 _aNew Delhi
_bNew Delhi, Navrang
_c1987
300 _a249p
942 _cTB
_hX8(A) M7
999 _c1305775
_d1305775